| 000 | 00872nam a22002657a 4500 | ||
|---|---|---|---|
| 999 |
_c9356 _d9356 |
||
| 003 | AR-CdUCM | ||
| 008 | 190327b ||||| |||| 00| 0 spa d | ||
| 040 |
_aMUNICIPALIDAD PROVINCIAL DEL CUSCO _cBIBLIOTECA MUNICIPAL DEL CUSCO |
||
| 082 |
_a869.533 / _bP43 |
||
| 100 |
_aPeralta, Pedro _925494 |
||
| 245 | _aObras Dramaticas Cortas / | ||
| 260 |
_aLima : _bEdiciones de la Biblioteca Universitaria, _c1964. |
||
| 300 |
_a151 paginas ; _bIlustraciones, retratos _c18 cm |
||
| 500 | _aDonación de la familia Nieto Dedicatoria a Luis Nieto | ||
| 505 | _aContenido: obras cortas | ||
| 650 |
_aDramatismo _924567 |
||
| 650 |
_aObras _96865 |
||
| 650 |
_aLiteratuta _91927 |
||
| 650 |
_aHistoria _9136 |
||
| 700 |
_aCarpio Cuba, José E. del. _925495 |
||
| 700 |
_aMuñoz, Rafael. _925496 |
||
| 700 |
_aAmpuero, Elvira. _925497 |
||
| 942 |
_2ddc _cLIBROS |
||
| 945 | _apjha | ||